[Event "4NCL Division 3s"]
[Site "Daventry Court ENG"]
[Date "2015.02.15"]
[Round "6.108"]
[White "Hurney, Kevin"]
[Black "Lydiard, Robert  G"]
[Result "0-1"]
[WhiteElo "1956"]
[BlackElo "1988"]
[PlyCount "116"]
[EventDate "2015.02.15"]
[WhiteTeam "Warwickshire Select 2"]
[BlackTeam "Guildford 4"]

1. e4 d6 2. d4 Nf6 3. Nc3 Nbd7 4. Nf3 e5 5. Bc4 Be7 6. Ng5 O-O 7. Bxf7+ Rxf7 8.
Ne6 Qe8 9. Nxc7 Qd8 10. Nxa8 b6 11. O-O Ba6 12. Re1 exd4 13. Qxd4 Qxa8 14. Nd5
Nxd5 15. exd5 Bf6 16. Qa4 Qb7 17. Re8+ Nf8 18. Be3 b5 19. Qe4 b4 20. Bd4 Bb5
21. Bxf6 Bxe8 22. Bh4 Bd7 23. Bg3 Bf5 24. Qd4 Rd7 25. c3 bxc3 26. bxc3 Ng6 27.
h4 Qb6 28. Qd2 Ne7 29. Re1 Qc5 30. Qg5 h6 31. Qh5 g6 32. Qxh6 Qxd5 33. h5 Qf7
34. Bh4 Nd5 35. c4 Nc7 36. g4 Bc2 37. Re3 d5 38. Bg3 Ne6 39. cxd5 Rxd5 40. Rc3
Rd1+ 41. Kh2 Be4 42. f3 Qb7 43. Rb3 Nd4 44. fxe4 Nxb3 45. Qxg6+ Qg7 46. Qe6+
Qf7 47. Qxf7+ Kxf7 48. axb3 Rb1 49. g5 Rxb3 50. g6+ Kg7 51. Be5+ Kh6 52. g7 Kh7
53. Bd4 a5 54. Bf6 a4 55. e5 Rb6 56. Kg3 a3 57. Kf4 a2 58. e6 Rxe6 0-1

[Event "4NCL Division 3s"]
[Site "Daventry Court ENG"]
[Date "2015.02.15"]
[Round "6.109"]
[White "Galer, Sebastian"]
[Black "Roberts, Nick"]
[Result "1/2-1/2"]
[WhiteElo "1875"]
[BlackElo "1953"]
[PlyCount "58"]
[EventDate "2015.02.15"]
[WhiteTeam "Guildford 4"]
[BlackTeam "Warwickshire Select 2"]

1. e4 c5 2. Nf3 d6 3. d4 cxd4 4. Nxd4 Nf6 5. Nc3 a6 6. a4 e5 7. Nb3 Be6 8. Be2
Be7 9. O-O O-O 10. Be3 Nbd7 11. Bf3 Rc8 12. Qd2 Qc7 13. Rfd1 Rfd8 14. a5 Qc6
15. Rac1 b5 16. axb6 Nxb6 17. Na5 Qc7 18. Bxb6 Qxb6 19. Nd5 Bxd5 20. exd5 Qxb2
21. Nc6 Re8 22. Qa5 Qb5 23. Qd2 Qc5 24. Ra1 Ra8 25. Ra5 Qb6 26. Rda1 Bf8 27.
Qb4 Reb8 28. Qa3 Rb7 29. h3 e4 1/2-1/2

[Event "4NCL Division 3s"]
[Site "Daventry Court ENG"]
[Date "2015.02.15"]
[Round "6.110"]
[White "Parekh, Rajen"]
[Black "Shepley, Julien"]
[Result "1-0"]
[WhiteElo "1669"]
[BlackElo "1974"]
[PlyCount "43"]
[EventDate "2015.02.15"]
[WhiteTeam "Warwickshire Select 2"]
[BlackTeam "Guildford 4"]

1. e4 d6 2. d4 Nf6 3. Nc3 e5 4. dxe5 dxe5 5. Qxd8+ Kxd8 6. Bg5 Be6 7. O-O-O+
Kc8 8. Nf3 Nbd7 9. a3 Bc5 10. Bh4 h6 11. Bg3 Nh5 12. Bxe5 Nxe5 13. Nxe5 Bxf2
14. Bc4 Be3+ 15. Kb1 Bxc4 16. Nxc4 Bg5 17. Rhf1 Rf8 18. Nd5 Nf6 19. Ne7+ Kb8
20. e5 Nh7 21. Rxf7 Bxe7 22. Rxe7 1-0

[Event "4NCL Division 3s"]
[Site "Daventry Court ENG"]
[Date "2015.02.15"]
[Round "6.115"]
[White "Webster, Richard J"]
[Black "Swanson, Stephen"]
[Result "1/2-1/2"]
[WhiteElo "1956"]
[BlackElo "2201"]
[PlyCount "99"]
[EventDate "2015.02.15"]
[WhiteTeam "e2e4.org.uk 3"]
[BlackTeam "Poisoned Pawns"]

1. c4 g6 2. Nc3 Bg7 3. Nf3 e5 4. e3 d6 5. Be2 Ne7 6. O-O O-O 7. d4 Nd7 8. Qc2
exd4 9. exd4 h6 10. h3 Nf6 11. Bf4 Bf5 12. Bd3 a6 13. Rad1 Re8 14. Rfe1 Bxd3
15. Rxd3 Nh5 16. Bh2 Nc6 17. Rxe8+ Qxe8 18. Re3 Qd8 19. Ne2 Nf6 20. d5 Nb8 21.
Bg3 Nbd7 22. Nf4 Qf8 23. Nd3 Re8 24. Qe2 Rxe3 25. Qxe3 Qe8 26. Qxe8+ Nxe8 27.
Bf4 Nef6 28. Nd2 Kf8 29. Kf1 Ke8 30. Ke2 Ng8 31. g4 Ne7 32. Nb3 b6 33. Be3 Nc5
34. Nbxc5 bxc5 35. b4 cxb4 36. Nxb4 a5 37. Nd3 a4 38. Nb4 Kd7 39. Kd3 c5 40.
dxc6+ Nxc6 41. Nxc6 Kxc6 42. Bd4 Bf8 43. Ke4 Be7 44. Be3 h5 45. f3 Bd8 46. Kd3
d5 47. Bc1 Be7 48. Kd4 Bf6+ 49. Kd3 Be7 50. Kd4 1/2-1/2

[Event "4NCL Division 3s"]
[Site "Daventry Court ENG"]
[Date "2015.02.15"]
[Round "6.116"]
[White "Rosen, Daniel B"]
[Black "Taylor, Dale C"]
[Result "1/2-1/2"]
[WhiteElo "2073"]
[BlackElo "1961"]
[PlyCount "55"]
[EventDate "2015.02.15"]
[WhiteTeam "Poisoned Pawns"]
[BlackTeam "e2e4.org.uk 3"]

1. e4 c5 2. Nc3 e6 3. d3 Nc6 4. g3 g6 5. Bg2 Bg7 6. Nge2 Nge7 7. O-O O-O 8. Bg5
d6 9. Qd2 Bd7 10. Bh6 e5 11. Bxg7 Kxg7 12. f4 f6 13. Rf2 Nd4 14. Raf1 Qb6 15.
Nd1 Rad8 16. c3 Nxe2+ 17. Qxe2 Qa6 18. a3 Bb5 19. Rf3 c4 20. Nf2 cxd3 21. Nxd3
Qb6+ 22. Qf2 Qxf2+ 23. R1xf2 Bc4 24. Re3 b6 25. Nb4 g5 26. Bf1 Bxf1 27. Rxf1 a5
28. Nd3 1/2-1/2

[Event "4NCL Division 3s"]
[Site "Daventry Court ENG"]
[Date "2015.02.15"]
[Round "6.117"]
[White "Goodhead, James W"]
[Black "Goodger, Martyn"]
[Result "1/2-1/2"]
[WhiteElo "1914"]
[BlackElo "2095"]
[PlyCount "58"]
[EventDate "2015.02.15"]
[WhiteTeam "e2e4.org.uk 3"]
[BlackTeam "Poisoned Pawns"]

1. d4 f5 2. Nf3 Nf6 3. Nc3 d5 4. Bf4 a6 5. e3 e6 6. Be2 Bd6 7. Ne5 O-O 8. g4
fxg4 9. Bxg4 Nxg4 10. Qxg4 Qf6 11. Rg1 Nc6 12. Qg3 g6 13. O-O-O Bxe5 14. dxe5
Qf5 15. Qh4 Bd7 16. Rg5 Qf7 17. Rdg1 Ne7 18. R5g4 c5 19. Bg5 Nf5 20. Qh3 Qg7
21. Bf6 Rxf6 22. exf6 Qxf6 23. Rg5 Bc6 24. Qh5 Kg7 25. Ne2 Ne7 26. Nf4 Rh8 27.
Qh3 Kf7 28. Qh6 Nf5 29. Qh3 Ne7 1/2-1/2

[Event "4NCL Division 3s"]
[Site "Daventry Court ENG"]
[Date "2015.02.15"]
[Round "6.118"]
[White "McMahon, Paul"]
[Black "Arkell, Nicholas D"]
[Result "0-1"]
[WhiteElo "1982"]
[BlackElo "1969"]
[PlyCount "78"]
[EventDate "2015.02.15"]
[WhiteTeam "Poisoned Pawns"]
[BlackTeam "e2e4.org.uk 3"]

1. e4 g6 2. d4 Bg7 3. Nf3 d6 4. Bc4 e6 5. O-O Ne7 6. Bg5 h6 7. Bxe7 Qxe7 8. c3
Nd7 9. Re1 O-O 10. Nbd2 a6 11. a4 b6 12. Nf1 Bb7 13. d5 e5 14. b4 Nf6 15. Ng3
h5 16. Qe2 a5 17. Reb1 Bh6 18. Ra2 Bc8 19. h3 Bf4 20. Qd3 Kg7 21. Ne2 Bh6 22.
Bb5 Nxe4 23. Bc6 Bf5 24. Re1 Nd2 25. Qb5 Nxf3+ 26. gxf3 Ra7 27. Kh2 Qh4 28. Ng1
Bf4+ 29. Kg2 Qg5+ 30. Kh1 Bd2 31. Rd1 Bxc3 32. bxa5 Rxa5 33. Qb3 Bd4 34. Rad2
Rc5 35. Bb5 Bc3 36. Ra2 Rd8 37. Bc4 Ba5 38. Kh2 Qf4+ 39. Kg2 Qxc4 0-1

[Event "4NCL Division 3s"]
[Site "Daventry Court ENG"]
[Date "2015.02.15"]
[Round "6.119"]
[White "Willow, Jonah B"]
[Black "McCorry, Robert T"]
[Result "1-0"]
[WhiteElo "1855"]
[BlackElo "2050"]
[PlyCount "69"]
[EventDate "2015.02.15"]
[WhiteTeam "e2e4.org.uk 3"]
[BlackTeam "Poisoned Pawns"]

1. e4 c5 2. Nf3 d6 3. d4 cxd4 4. Nxd4 Nf6 5. Nc3 a6 6. Bg5 e6 7. f4 Qc7 8. Qf3
b5 9. O-O-O b4 10. Na4 Nbd7 11. Qb3 Nc5 12. Nxc5 dxc5 13. Qc4 h6 14. Bxf6 Qxf4+
15. Kb1 gxf6 16. Be2 Bd7 17. Rhf1 Qe5 18. Nf3 Qc7 19. e5 f5 20. Qf4 Rg8 21. g3
Bb5 22. Qe3 Rg4 23. Nd2 Bg7 24. Bxg4 Bxf1 25. Rxf1 fxg4 26. Nc4 Rd8 27. Kc1 Bf8
28. Qe4 h5 29. Qh7 Rd4 30. b3 a5 31. Qxh5 a4 32. Nd6+ Bxd6 33. exd6 Rxd6 34.
Qh8+ Ke7 35. Rxf7+ 1-0

[Event "4NCL Division 3s"]
[Site "Daventry Court ENG"]
[Date "2015.02.15"]
[Round "6.125"]
[White "Bevan, Peter M"]
[Black "Pozimski, Szymon"]
[Result "0-1"]
[WhiteElo "2025"]
[BlackElo "1846"]
[PlyCount "94"]
[EventDate "2015.02.15"]
[WhiteTeam "Rhyfelwyr Essyllwg 2"]
[BlackTeam "Oxford 3"]

1. c4 b6 2. Nc3 Bb7 3. e4 d6 4. g3 g6 5. Bg2 Bg7 6. Nge2 e6 7. O-O Ne7 8. d3
O-O 9. Bf4 Nd7 10. Qd2 Nf6 11. Bg5 c6 12. d4 Qc7 13. Rac1 Rad8 14. d5 exd5 15.
exd5 c5 16. Nb5 Qb8 17. g4 h6 18. Bxh6 Nxg4 19. Bxg7 Kxg7 20. Qg5 Nf6 21. Ng3
Rh8 22. Rce1 Neg8 23. Nf5+ Kf8 24. Ne7 Rh5 25. Qf4 a6 26. Nc3 Nxe7 27. Qxf6 Ng8
28. Qf4 Rf5 29. Qh4 Rh5 30. Qg3 Nh6 31. Bh3 Bc8 32. Bxc8 Qxc8 33. Ne4 Nf5 34.
Qd3 Rh4 35. f4 Kg7 36. Ng5 Re8 37. Rxe8 Qxe8 38. Ne4 Qd7 39. Ng3 Nh6 40. f5 Ng4
41. fxg6 fxg6 42. Qf3 Qe7 43. h3 Qe3+ 44. Kg2 Qxf3+ 45. Rxf3 Ne5 46. b3 Nxf3
47. Kxf3 Rxh3 0-1

[Event "4NCL Division 3s"]
[Site "Daventry Court ENG"]
[Date "2015.02.15"]
[Round "6.127"]
[White "Freeland, Alex"]
[Black "Neatherway, A Philip"]
[Result "1-0"]
[WhiteElo "1917"]
[BlackElo "1879"]
[PlyCount "71"]
[EventDate "2015.02.15"]
[WhiteTeam "Rhyfelwyr Essyllwg 2"]
[BlackTeam "Oxford 3"]

1. e4 c5 2. Nf3 e6 3. Nc3 a6 4. Be2 Nc6 5. O-O Nge7 6. d4 cxd4 7. Nxd4 Nxd4 8.
Qxd4 Nc6 9. Qd3 Qc7 10. f4 b5 11. Be3 Be7 12. Rad1 Bb7 13. e5 Nb4 14. Qd2 Rd8
15. Bf3 d5 16. Qf2 Rc8 17. a3 Nc6 18. Ne2 O-O 19. c3 a5 20. Bb6 Qb8 21. Nd4
Nxd4 22. Bxd4 b4 23. axb4 axb4 24. g4 bxc3 25. bxc3 Qc7 26. f5 Bc5 27. Qe3 Bxd4
28. cxd4 Qe7 29. Bg2 Qh4 30. h3 g5 31. fxe6 fxe6 32. Rf6 Rxf6 33. exf6 Kf7 34.
Re1 Re8 35. Qe5 Bc8 36. Qc7+ 1-0

[Event "4NCL Division 3s"]
[Site "Daventry Court ENG"]
[Date "2015.02.15"]
[Round "6.129"]
[White "Hatchett, Paul D"]
[Black "Biswas, Karl"]
[Result "1-0"]
[WhiteElo "1977"]
[BlackElo "1729"]
[PlyCount "43"]
[EventDate "2015.02.15"]
[WhiteTeam "Rhyfelwyr Essyllwg 2"]
[BlackTeam "Oxford 3"]

1. e4 e5 2. Nf3 Nf6 3. Nc3 Bb4 4. Bc4 d6 5. O-O c6 6. d4 Qe7 7. Re1 O-O 8. a3
Ba5 9. h3 Be6 10. Bf1 h6 11. dxe5 dxe5 12. Nxe5 Bxh3 13. Nxc6 Nxc6 14. gxh3
Rad8 15. Bd3 Qe5 16. f4 Qe6 17. Qf3 Nd4 18. Qg2 Nb3 19. f5 Qb6+ 20. Be3 Nd4 21.
b4 Qc6 22. Nd5 1-0

[Event "4NCL Division 3s"]
[Site "Daventry Court ENG"]
[Date "2015.02.15"]
[Round "6.135"]
[White "Savage, Nicholas W"]
[Black "Healey, Michael W"]
[Result "1-0"]
[WhiteElo "1996"]
[BlackElo "2111"]
[PlyCount "75"]
[EventDate "2015.02.15"]
[WhiteTeam "Iceni 1"]
[BlackTeam "Oxford 2"]

1. d4 Nf6 2. c4 Nc6 3. Nf3 e6 4. g3 Bb4+ 5. Nbd2 a5 6. Bg2 d5 7. O-O O-O 8. Qc2
Bd7 9. Rd1 Qb8 10. b3 Qa7 11. Bb2 a4 12. Ne5 Nxe5 13. dxe5 Ng4 14. e3 a3 15.
Bd4 c5 16. Bc3 f6 17. h3 d4 18. Bxb4 Nxf2 19. Bxc5 Qxc5 20. exd4 Qa7 21. Kxf2
Qxd4+ 22. Kf1 Qxe5 23. Nf3 Qc7 24. Qd2 Bc6 25. Qd6 Qf7 26. Rd2 Rfe8 27. Rad1
Qg6 28. Nh4 Qh6 29. Bxc6 bxc6 30. Kg2 f5 31. Nf3 g5 32. Ne5 g4 33. hxg4 Rad8
34. Qxd8 Rxd8 35. Rxd8+ Kg7 36. gxf5 Qe3 37. R1d7+ Kf6 38. Ng4+ 1-0

[Event "4NCL Division 3s"]
[Site "Daventry Court ENG"]
[Date "2015.02.15"]
[Round "6.136"]
[White "Dickinson, Tim R"]
[Black "Davison, Chris"]
[Result "1-0"]
[WhiteElo "2102"]
[BlackElo "1898"]
[PlyCount "165"]
[EventDate "2015.02.15"]
[WhiteTeam "Oxford 2"]
[BlackTeam "Iceni 1"]

1. e4 c5 2. c3 e6 3. d4 cxd4 4. cxd4 d5 5. Nc3 Nc6 6. Nf3 Be7 7. Bd3 Nf6 8. O-O
O-O 9. a3 dxe4 10. Nxe4 Nxd4 11. Nxd4 Qxd4 12. Qe2 Rd8 13. Nxf6+ Bxf6 14. Rd1
g6 15. Bc2 Qb6 16. Rxd8+ Qxd8 17. Be3 Bd7 18. Be4 Bc6 19. Bxc6 bxc6 20. Rd1 Qc7
21. b4 Be7 22. Qa6 c5 23. Rc1 Qb6 24. Qc4 Rd8 25. bxc5 Qc7 26. a4 Rd5 27. c6
Bd6 28. g3 h5 29. Kg2 Kg7 30. Rb1 Rc5 31. Bd4+ Kh7 32. Bxc5 Qxc6+ 33. f3 Qxc5
34. Qxc5 Bxc5 35. Rb7 Kg7 36. a5 e5 37. g4 hxg4 38. fxg4 Kf6 39. h4 Bd4 40. Kf3
Ke6 41. g5 Bc5 42. a6 Bd4 43. Ke4 f5+ 44. gxf6 Kxf6 45. Rc7 Ke6 46. Rg7 Kf6 47.
Rc7 Ke6 48. Rc6+ Kf7 49. Kf3 Kg7 50. Kg4 Kf7 51. Rc1 Ke6 52. Rf1 Be3 53. Rf8
Bc5 54. Rf3 e4 55. Rb3 Kd5 56. Rb7 Bd4 57. Kf4 Be5+ 58. Ke3 Bd4+ 59. Ke2 Ke5
60. Rb5+ Ke6 61. Rg5 Kf6 62. Rd5 Bg1 63. Kf1 Be3 64. Ke1 Ke6 65. Rb5 Bd4 66.
Ke2 Kf6 67. Rg5 Bb6 68. Kf1 Be3 69. Rd5 Ke6 70. Rb5 Kf6 71. Kg2 Ke6 72. Kg3 Kd6
73. Kg4 Ke6 74. Rb3 Bc5 75. Kf4 Kd5 76. Rb5 e3 77. Kf3 Kc4 78. Rb1 Kd3 79. Rd1+
Kc3 80. Ke2 Kc4 81. Rg1 Kb5 82. Rxg6 Bb6 83. Rxb6+ 1-0

[Event "4NCL Division 3s"]
[Site "Daventry Court ENG"]
[Date "2015.02.15"]
[Round "6.137"]
[White "Peters, John A"]
[Black "Rawlinson, Christopher JA"]
[Result "1-0"]
[WhiteElo "1963"]
[BlackElo "2058"]
[PlyCount "167"]
[EventDate "2015.02.15"]
[WhiteTeam "Iceni 1"]
[BlackTeam "Oxford 2"]

1. e4 e6 2. d4 d5 3. Nd2 Nf6 4. e5 Nfd7 5. Bd3 c5 6. c3 Nc6 7. Ngf3 Qb6 8. O-O
cxd4 9. cxd4 Nxd4 10. Nxd4 Qxd4 11. Nf3 Qg4 12. h3 Qh5 13. Qa4 Be7 14. Bb5 a6
15. Be3 Rb8 16. Bd3 O-O 17. Rac1 b5 18. Qd4 f6 19. Qa7 Qe8 20. Rc7 fxe5 21.
Nxe5 Rb7 22. Rxb7 Bxb7 23. Ng6 hxg6 24. Qxb7 Qc8 25. Qa7 Rd8 26. Rc1 Qa8 27.
Qxa8 Rxa8 28. Rc7 Rd8 29. Bxg6 Bf6 30. b3 Ne5 31. Bh5 Rd6 32. Bc5 Rd7 33. Rc8+
Kh7 34. Be8 Rd8 35. Rxd8 Bxd8 36. Bd6 Bf6 37. Bxe5 Bxe5 38. Bf7 d4 39. Bxe6 Kg6
40. Kf1 b4 41. Ke2 Kf6 42. Bc8 a5 43. Kd3 Ke7 44. Ke4 Bf6 45. f4 Kd6 46. g4 g6
47. g5 Bg7 48. h4 Bh8 49. Ba6 Ke6 50. Bc4+ Ke7 51. Kd5 Bg7 52. Kc5 Ke8 53. Kd6
d3 54. Bxd3 Kf7 55. Bc4+ Kf8 56. Ke6 Bc3 57. Be2 Be1 58. h5 gxh5 59. Bxh5 Bd2
60. Ke5 Ke7 61. g6 Bc3+ 62. Kd5 Kf6 63. Kc5 Kf5 64. Kb5 Kxf4 65. Bd1 Ke4 66.
Kxa5 Kd5 67. Ka4 Kc5 68. a3 bxa3 69. Kxa3 Kb5 70. Be2+ Ka5 71. Bc4 Bg7 72. b4+
Kb6 73. b5 Kc5 74. Ka4 Bc3 75. Bd3 Kd5 76. Be4+ Kc5 77. Kb3 Bg7 78. Bc6 Bf6 79.
Kc2 Kd6 80. Kd3 Ke6 81. b6 Kd6 82. Be8 Ke7 83. b7 Be5 84. g7 1-0

[Event "4NCL Division 3s"]
[Site "Daventry Court ENG"]
[Date "2015.02.15"]
[Round "6.138"]
[White "Brackmann, Hendrik"]
[Black "Botham, C Paul"]
[Result "1-0"]
[WhiteElo "1995"]
[BlackElo "2015"]
[PlyCount "71"]
[EventDate "2015.02.15"]
[WhiteTeam "Oxford 2"]
[BlackTeam "Iceni 1"]

1. e4 Nf6 2. e5 Nd5 3. d4 d6 4. c4 Nb6 5. exd6 exd6 6. Nc3 Be7 7. Bd3 Nc6 8.
Nge2 O-O 9. O-O Bg4 10. Qc2 h6 11. a3 Bxe2 12. Nxe2 Bf6 13. Be3 Re8 14. Rad1 d5
15. c5 Nc8 16. b4 a6 17. Qb3 N8e7 18. Bb1 Ng6 19. Rfe1 Nf8 20. Ba2 Ne7 21. Nf4
c6 22. Bb1 Neg6 23. Qd3 Qd7 24. Nh5 Bd8 25. h3 Nh7 26. Nf4 Nhf8 27. Nh5 Nh7 28.
Ng3 Bc7 29. Nf5 Nhf8 30. Qd2 f6 31. Qe2 Kh8 32. Qh5 Qf7 33. g4 Rad8 34. Nh4 Kh7
35. Nxg6 Nxg6 36. Qf5 1-0

[Event "4NCL Division 3s"]
[Site "Daventry Court ENG"]
[Date "2015.02.15"]
[Round "6.139"]
[White "Downham, Alan F"]
[Black "Colburn, Paul J"]
[Result "1/2-1/2"]
[WhiteElo "1998"]
[BlackElo "1938"]
[PlyCount "135"]
[EventDate "2015.02.15"]
[WhiteTeam "Iceni 1"]
[BlackTeam "Oxford 2"]

1. c4 c5 2. g3 g6 3. Bg2 Bg7 4. Nc3 Nc6 5. e3 e5 6. Nge2 Nge7 7. O-O O-O 8. b3
d6 9. Bb2 Be6 10. Nd5 f5 11. Nxe7+ Nxe7 12. d4 cxd4 13. exd4 e4 14. Rc1 d5 15.
Ba3 Re8 16. Qd2 Nc6 17. Rfd1 a5 18. c5 Qf6 19. f4 Bd7 20. Qe3 Ne7 21. Nc3 Bc6
22. Bf1 Rab8 23. Rc2 h6 24. h4 Kh7 25. Rh2 Rec8 26. Be2 Be8 27. Kh1 Rc7 28. Bb5
Bf7 29. Be2 Nc6 30. Nb5 Rd7 31. Bf1 Bf8 32. Bb2 Be7 33. a3 Kg7 34. Bc3 Rg8 35.
b4 axb4 36. axb4 Kf8 37. Na3 g5 38. hxg5 hxg5 39. b5 Nd8 40. Be1 Qg7 41. Nc2
Ne6 42. Bf2 Rh8 43. Bg1 Bh5 44. Rdd2 Bf3+ 45. Bg2 g4 46. Bxf3 gxf3 47. Rxh8+
Qxh8+ 48. Rh2 Qg7 49. Bf2 Rd8 50. Qa3 Kg8 51. Qa7 Bf6 52. Qb6 Qe7 53. Rh5 Kg7
54. Ne3 Kg6 55. Nxf5 Qf7 56. g4 Nxf4 57. Rh6+ Kg5 58. Bh4+ Kxg4 59. Rxf6 Qh5
60. Ne3+ Kxh4 61. Rh6 Ra8 62. Rxh5+ Nxh5 63. Nf5+ Kh3 64. Kg1 Ra1+ 65. Kf2 Ra2+
66. Kg1 Ra1+ 67. Kf2 Ra2+ 68. Kf1 1/2-1/2

[Event "4NCL Division 3s"]
[Site "Daventry Court ENG"]
[Date "2015.02.15"]
[Round "6.140"]
[White "Terry, Sean"]
[Black "Ukken, Somton"]
[Result "1-0"]
[WhiteElo "1920"]
[BlackElo "1914"]
[PlyCount "57"]
[EventDate "2015.02.15"]
[WhiteTeam "Oxford 2"]
[BlackTeam "Iceni 1"]

1. e4 d5 2. e5 c5 3. Nf3 Bg4 4. Bb5+ Nc6 5. c3 Qb6 6. Qa4 Bxf3 7. gxf3 e6 8.
Bxc6+ bxc6 9. c4 Qc7 10. f4 Nh6 11. Nc3 Rd8 12. d3 Be7 13. cxd5 exd5 14. Bd2
Bh4 15. Ne2 Rb8 16. b4 Ng4 17. O-O f6 18. f3 Nh6 19. Ng3 O-O 20. bxc5 fxe5 21.
fxe5 Bxg3 22. hxg3 Qxe5 23. Bf4 Qe2 24. Bxb8 Rxb8 25. Rae1 Qxd3 26. Qxc6 Qd4+
27. Kh1 Nf5 28. Re8+ Kf7 29. Qe6# 1-0

[Event "4NCL Division 3s"]
[Site "Daventry Court ENG"]
[Date "2015.02.15"]
[Round "6.145"]
[White "Gilbert, Jonathan A"]
[Black "Jones, Steven A"]
[Result "0-1"]
[WhiteElo "2056"]
[BlackElo "2090"]
[PlyCount "110"]
[EventDate "2015.02.15"]
[WhiteTeam "The Full Ponty"]
[BlackTeam "Surbiton 1"]

1. d4 f5 2. Nc3 d5 3. Bf4 a6 4. e3 Nf6 5. Bd3 e6 6. Nge2 c5 7. dxc5 Bxc5 8. Bg5
O-O 9. O-O Nc6 10. Nf4 h6 11. Bxf6 Qxf6 12. Na4 Ba7 13. Be2 b5 14. Nc3 Bb7 15.
Nd3 d4 16. exd4 Nxd4 17. a4 Qg5 18. Ne1 b4 19. Na2 Rad8 20. Nxb4 Nb3 21. Nbd3
Nxa1 22. Qxa1 Qd2 23. Qd1 Qxd1 24. Bxd1 e5 25. c3 e4 26. Bb3+ Kh7 27. Nf4 Rd2
28. Nc2 Rfd8 29. Ne6 R8d6 30. Ned4 Bxd4 31. Nxd4 g6 32. Rb1 e3 33. f3 Rd8 34.
Ne6 Re8 35. Kf1 g5 36. Re1 Rxb2 37. Bc4 f4 38. Nc5 Rc8 39. Bd3+ Kh8 40. Nxb7
Rxc3 41. Bxa6 Rb6 42. Be2 Rxb7 43. a5 Ra3 44. a6 Ra7 45. Rb1 R7xa6 46. Bxa6
Rxa6 47. Rb2 Ra1+ 48. Ke2 Rh1 49. h3 Rg1 50. Kd3 Kg7 51. h4 Kg6 52. hxg5 hxg5
53. Ke4 Kh5 54. Kf5 Kh4 55. Re2 Kg3 0-1

[Event "4NCL Division 3s"]
[Site "Daventry Court ENG"]
[Date "2015.02.15"]
[Round "6.146"]
[White "Shepherd, Paul D"]
[Black "Fletcher, John"]
[Result "0-1"]
[WhiteElo "2043"]
[BlackElo "2053"]
[PlyCount "88"]
[EventDate "2015.02.15"]
[WhiteTeam "Surbiton 1"]
[BlackTeam "The Full Ponty"]

1. e4 c5 2. Nc3 Nc6 3. g3 g6 4. Bg2 Bg7 5. d3 d6 6. Be3 Nf6 7. h3 e5 8. Qd2 Nd4
9. Nd1 d5 10. c3 Ne6 11. exd5 Nxd5 12. Bh6 Ndf4 13. Bxg7 Nxg2+ 14. Kf1 Nxg7 15.
Kxg2 b6 16. Ne3 Bb7+ 17. f3 O-O 18. Rd1 Qd6 19. d4 exd4 20. cxd4 Nh5 21. Ne2
Rad8 22. d5 Ba6 23. f4 g5 24. Rhf1 gxf4 25. Nxf4 Bxf1+ 26. Rxf1 Nxf4+ 27. Rxf4
f6 28. Rg4+ Kh8 29. Rg7 Qe5 30. Rxa7 f5 31. Qd3 Qxb2+ 32. Kf3 Qd4 33. Ra3 Qe4+
34. Ke2 Qxd3+ 35. Kxd3 f4 36. gxf4 Rxf4 37. Ra6 b5 38. Rb6 Rd4+ 39. Ke2 Re8 40.
Kf3 Rd3 41. Re6 Rxe6 42. dxe6 Kg7 43. Ke4 Rxe3+ 44. Kxe3 Kf6 0-1

[Event "4NCL Division 3s"]
[Site "Daventry Court ENG"]
[Date "2015.02.15"]
[Round "6.147"]
[White "Adams, Mark"]
[Black "Henderson, Ian R"]
[Result "0-1"]
[WhiteElo "1995"]
[BlackElo "2052"]
[PlyCount "30"]
[EventDate "2015.02.15"]
[WhiteTeam "The Full Ponty"]
[BlackTeam "Surbiton 1"]

1. e4 d5 2. exd5 Nf6 3. d4 Bg4 4. Nf3 Qxd5 5. Be2 Nc6 6. O-O O-O-O 7. c4 Qh5 8.
Be3 e5 9. d5 e4 10. Nd4 Nxd4 11. Bxg4+ Nxg4 12. h3 Nf3+ 13. gxf3 Nxe3 14. fxe3
Qxh3 15. Qe2 Rd6 0-1

[Event "4NCL Division 3s"]
[Site "Daventry Court ENG"]
[Date "2015.02.15"]
[Round "6.148"]
[White "Crombleholme, Alan K"]
[Black "Davies, Peter"]
[Result "1/2-1/2"]
[WhiteElo "2091"]
[BlackElo "1960"]
[PlyCount "46"]
[EventDate "2015.02.15"]
[WhiteTeam "Surbiton 1"]
[BlackTeam "The Full Ponty"]

1. c4 g6 2. e4 Bg7 3. Nc3 c5 4. g3 Nc6 5. Bg2 d6 6. Nge2 e5 7. d3 Nge7 8. O-O
Nd4 9. Nxd4 cxd4 10. Ne2 O-O 11. b4 a5 12. b5 Qc7 13. a4 Be6 14. Ba3 Rad8 15.
Qd2 b6 16. Rac1 Qd7 17. Rc2 Bh3 18. Qg5 Bxg2 19. Kxg2 f5 20. Nc1 f4 21. f3 h5
22. Qh4 Bf6 23. Qh3 Qxh3+ 1/2-1/2

[Event "4NCL Division 3s"]
[Site "Daventry Court ENG"]
[Date "2015.02.15"]
[Round "6.149"]
[White "Dixon, Chris"]
[Black "Faulks, Nick W"]
[Result "1/2-1/2"]
[WhiteElo "1824"]
[BlackElo "2072"]
[PlyCount "80"]
[EventDate "2015.02.15"]
[WhiteTeam "The Full Ponty"]
[BlackTeam "Surbiton 1"]

1. Nf3 Nf6 2. g3 b5 3. Bg2 Bb7 4. O-O e6 5. d3 Be7 6. Nbd2 c5 7. e4 d5 8. e5
Nfd7 9. Re1 Nc6 10. Nf1 a6 11. h4 h6 12. h5 Qc7 13. Qe2 O-O-O 14. c3 Rdg8 15.
Bh3 Kb8 16. Bf4 g5 17. hxg6 Rxg6 18. Kh1 Bg5 19. d4 Rhg8 20. N1d2 Qb6 21. Nb3
Be7 22. Rad1 h5 23. Kh2 Qd8 24. dxc5 Nxc5 25. Nxc5 Bxc5 26. Nd4 h4 27. g4 Qb6
28. Qd2 b4 29. f3 Ka7 30. Nb3 bxc3 31. bxc3 Bf2 32. Re2 Bg3+ 33. Bxg3 hxg3+ 34.
Kxg3 Ne7 35. Nd4 Rh8 36. Qb2 Nf5+ 37. Nxf5 Qxb2 38. Rxb2 exf5 39. Rd4 Rc8 40.
Rdb4 Rc7 1/2-1/2

[Event "4NCL Division 3s"]
[Site "Daventry Court ENG"]
[Date "2015.02.15"]
[Round "6.150"]
[White "Borrowdale, Graham E"]
[Black "Gilbert, Colin"]
[Result "1-0"]
[WhiteElo "1990"]
[BlackElo "1747"]
[PlyCount "83"]
[EventDate "2015.02.15"]
[WhiteTeam "Surbiton 1"]
[BlackTeam "The Full Ponty"]

1. d4 f5 2. g3 Nf6 3. Bg2 e6 4. c4 c6 5. Nf3 Be7 6. O-O O-O 7. b3 d5 8. Nbd2
Nbd7 9. Bb2 h6 10. Ne5 Qe8 11. f3 Kh8 12. e3 Rg8 13. Qe2 g5 14. Rae1 Qh5 15.
Nxd7 Bxd7 16. e4 Rae8 17. e5 Nh7 18. c5 f4 19. b4 a6 20. a4 Qg6 21. Nb1 Ra8 22.
Nc3 h5 23. gxf4 gxf4 24. Kh1 Bh4 25. Rd1 Qf5 26. Qd3 Qf7 27. Ne2 Be8 28. Bc1
Rxg2 29. Kxg2 Qg7+ 30. Kh1 Bg6 31. Qd2 Rg8 32. Nxf4 Bg5 33. Nxg6+ Qxg6 34. Qd3
Qh6 35. f4 Bh4 36. Rg1 Qf8 37. Rxg8+ Qxg8 38. Rg1 Qf7 39. Qh3 Bf2 40. Rf1 Bxd4
41. Qd3 Ba1 42. Ba3 1-0

[Event "4NCL Division 3s"]
[Site "Daventry Court ENG"]
[Date "2015.02.15"]
[Round "6.155"]
[White "Lambourne, Dan"]
[Black "Hall, John"]
[Result "1/2-1/2"]
[WhiteElo "2011"]
[BlackElo "2247"]
[PlyCount "76"]
[EventDate "2015.02.15"]
[WhiteTeam "MK Phoenix 2"]
[BlackTeam "Leeds University Old Boys"]

1. d4 Nf6 2. Nf3 c5 3. e3 g6 4. Be2 Bg7 5. O-O cxd4 6. exd4 O-O 7. Nc3 d5 8. b3
Nc6 9. Bb2 Ne4 10. Nb1 Qa5 11. c3 Rd8 12. Qc1 Bf5 13. Rd1 Rac8 14. Qf4 a6 15.
g4 Be6 16. h4 h6 17. g5 h5 18. Ne1 f6 19. f3 fxg5 20. Qe3 Ng3 21. Qxe6+ Kh7 22.
Bd3 Qc7 23. Qxg6+ Kg8 24. Qxg5 e6 25. Kg2 Nf5 26. Nc2 Rf8 27. Rg1 Qf7 28. Nd2
Nce7 29. Rae1 Kh8 30. Qf4 Ng6 31. Qh2 Bh6 32. Bxf5 Bxd2 33. Kh1 Qxf5 34. Qxd2
Qxf3+ 35. Qg2 Nxh4 36. Qxf3 Nxf3 37. Rxe6 Nxg1 38. Kxg1 Rf5 1/2-1/2

[Event "4NCL Division 3s"]
[Site "Daventry Court ENG"]
[Date "2015.02.15"]
[Round "6.156"]
[White "Deighton, Simon"]
[Black "Adebajo, Olufemi"]
[Result "0-1"]
[WhiteElo "2019"]
[BlackElo "1962"]
[PlyCount "98"]
[EventDate "2015.02.15"]
[WhiteTeam "Leeds University Old Boys"]
[BlackTeam "MK Phoenix 2"]

1. d4 d5 2. c4 e6 3. Nc3 c6 4. Nf3 f5 5. Bf4 Nf6 6. e3 Bd6 7. Bd3 O-O 8. O-O
Bxf4 9. exf4 Ne4 10. Ne5 Nd7 11. Nxd7 Bxd7 12. f3 Nd6 13. c5 Nf7 14. Qd2 Qf6
15. Qe3 Kh8 16. g4 g5 17. fxg5 Nxg5 18. f4 Ne4 19. g5 Qg7 20. Bxe4 dxe4 21.
Rad1 Rad8 22. Nb1 Be8 23. Na3 Bh5 24. Rd2 Rg8 25. Nc4 Rd5 26. Ne5 Rgd8 27. b4
Kg8 28. a4 a6 29. Rb1 Be8 30. Rf1 Bh5 31. Rff2 Qc7 32. a5 Qg7 33. Rg2 Kf8 34.
Rg3 Ke7 35. Rh3 Bg6 36. Rh6 Rh8 37. Qh3 Rdd8 38. Qc3 Rd5 39. Kg2 Kf8 40. b5
axb5 41. a6 bxa6 42. Ra2 Rg8 43. Rxa6 Be8 44. Rf6+ Qxf6 45. Kf2 Qd8 46. Ke3 b4
47. Qxb4 Rxe5 48. dxe5 Qd3+ 49. Kf2 Qxa6 0-1